000
00215nam a22000857a 4500
001
1235233
005
20250930113926.0
245
_a
BAŞARI VE BAŞARISIZLIK
_c
BRIGITTE LABBE
260
_b
GÜNIŞIĞI KİTAPLIĞI YAYINLARI
999
_c
1235233
_d
1235233